Statistiken für Marken und Firmen Quiz

Klicken Sie hier um das Quiz zu spielen!

Allgemein

  • Dieses Quiz wurde 2.055 mal gespielt
  • Das Durchschnittsergebnis liegt bei 8 aus 10

Antwortstatistiken

Antwort% Korrekt
Ikea
100%
Kfc
99%
Apple
96%
Saturn
95%
Samsung
92%
Mc donalds
80%
Audi
79%
Sony
59%
Space X
59%
hp
35%

Verteilung der Resultate

Perzentil nach korrekt beantworteten Fragen

Anzahl Personen mit jedem Resultat

Ihre Resultats-Entwicklung

Sie haben dieses Quiz noch nicht gespielt